<La> distribution des rendements d'échelle dans l'industrie. Une illustration a partir d'un panel de plus de 700 entreprises francaises.

Vnútropodnikové rozdeľovanie výnosov vo francúzskych priemyselných podnikoch v rokoch 1981 až 1987. Ekonometrický experiment. Systém rozvoja a zvyšovania výrobných parametrov. Produktivita a rast nákladov - mikroekonomická analýza. Úroveň a účinky kapitalistického systému výroby. Vzťahy medzi hodnot...

Ausführliche Beschreibung

Gespeichert in:
Bibliographische Detailangaben
1. Verfasser: Legendre, F.
Format: Buchkapitel
Sprache:Französisch
Schlagworte:
Tags: Tag hinzufügen
Keine Tags, Fügen Sie das erste Tag hinzu!

MARC

LEADER 00000naa a2200000 4500
001 r011229
005 20220913125308.4
041 0 |a fre 
044 |a FR 
245 1 0 |a <La> distribution des rendements d'échelle dans l'industrie.  |b Une illustration a partir d'un panel de plus de 700 entreprises francaises.  |c F. Legendre 
520 |a Vnútropodnikové rozdeľovanie výnosov vo francúzskych priemyselných podnikoch v rokoch 1981 až 1987. Ekonometrický experiment. Systém rozvoja a zvyšovania výrobných parametrov. Produktivita a rast nákladov - mikroekonomická analýza. Úroveň a účinky kapitalistického systému výroby. Vzťahy medzi hodnotou výnosov a kapitalistickým systémom výroby. 
610 2 0 |a výnosy podnikové 
610 2 0 |a podnik priemyselný 
610 2 0 |a Francúzsko 
610 2 0 |a 1981-1987 
610 2 0 |a ekonometria 
610 2 0 |a rozdeľovanie zisku 
610 2 0 |a zisk podnikový 
610 2 0 |a produktivita 
610 2 0 |a analýza nákladov a výnosov 
100 1 |a Legendre, F.